000 003300000a22001450004500
003 MACL
040 _aMACL
090 _c4233
_d4232
100 _aKalupahana, David J.
245 _aA History of Buddhist Philosophy
260 _bMotilal Banarsidass Publishers
_c1994
350 _a175
650 _aPhilisophy
942 _cBOOK
_k100
999 _c4199
_d4199